Catálogo público

The cause and treatment of cavities in trees / (Record no. 206053)

MARC details
000 -CABECERA
campo de control de longitud fija 00739nam a2200265Ia 4500
001 - NÚMERO DE CONTROL
campo de control Para_7167
003 - IDENTIFICADOR DEL NÚMERO DE CONTROL
campo de control CHAP
008 - DATOS DE LONGITUD FIJA--INFORMACIÓN GENERAL
campo de control de longitud fija 220125s1949 xx 000 0 und d
010 ## - NÚMERO DE CONTROL DE LA BIBLIOTECA DEL CONGRESO
Número de control de LC 206053
040 ## - FUENTE DE LA CATALOGACIÓN
Centro/agencia transcriptor CHAP
090 ## - LOCALMENTE ASIGNADO TIPO-LC NÚMERO DE CLASIFICACIÓN (OCLC); NÚMERO DE CLASIFICACIÓN LOCAL (RLIN)
Número de clasificación (OCLC) (R) ; Numero de clasificación, CALL (RLIN) (NR) PA R-11
100 ## - ENTRADA PRINCIPAL--NOMBRE DE PERSONA
Nombre de persona Welch, D.S.
9 (RLIN) 121411
245 ## - MENCIÓN DE TÍTULO
Título The cause and treatment of cavities in trees /
Mención de responsabilidad, etc. by D.S. Welch
260 ## - PUBLICACIÓN, DISTRIBUCIÓN, ETC.
Lugar de publicación, distribución, etc. Ithaca, N.Y. :
Nombre del editor, distribuidor, etc. Cornell University
300 ## - DESCRIPCIÓN FÍSICA
Extensión 6 p.
500 ## - NOTA GENERAL
Nota general Sobretiro de: Proccedings of 25th National Shade Tree Conference, 1949
650 ## - PUNTO DE ACCESO ADICIONAL DE MATERIA--TÉRMINO DE MATERIA
Término de materia o nombre geográfico como elemento de entrada Arboles
Subdivisión general enfermedades
9 (RLIN) 82436
901 ## - ELEMENTOS DE DATOS A LOCAL LDA (RLIN)
a PA R-11
902 ## - ELEMENTOS DE DATOS B LOCAL, LDB (RLIN)
a A
905 ## - ELEMENTOS DE DATOS E LOCAL, LDE (RLIN)
a 0000001949 0000000000 00
910 ## - DATOS DE OPCIÓN DEL USUARIO (OCLC)
Datos de opción del usuario 1949
942 ## - ELEMENTOS DE PUNTO DE ACCESO ADICIONAL (KOHA)
Tipo de ítem Koha Parasitologia_
942 ## - ELEMENTOS DE PUNTO DE ACCESO ADICIONAL (KOHA)
Tipo de ítem Koha Parasitologia_
-- 1
Holdings
Estado de retiro Estado de pérdida Fuente del sistema de clasificación o colocación Estado dañado Restricciones de uso No para préstamo Código de colección Localización permanente Ubicación/localización actual Ubicación en estantería Fecha de adquisición Información codificada de la localización en otra ubicación Total de préstamos Código de barras Fecha visto por última vez Precio válido a partir de Tipo de ítem Koha Nota pública
    Clasificación Universidad Autónoma de Chapingo   Préstamo interno   Reimpresos Parasitologia Agricola Parasitologia Agricola   27/10/2005 PARA   PA_5112 25/01/2022 25/01/2022 Reimpreso 3